=LDR 00000nam 2200000 4500 =001 INLIS000000000000548 =005 20220619042655 =035 ##$$a 0010-1121000101 =245 1#$$a Laporan Kuliah Kerja Praktek UPT. Perbengkelan dan Pengelolaan Alat Berat Dinas Pekerjaan Umum Kota Makasssar : $b Kuliah Kerja Praktek /$c Andika Nusriadi =100 1#$$a NUSRIADI, Andika =250 ##$$a 2021 =300 ##$$a v, 17 halaman : $b Gambar ; $c 20x29 cm =856 ##$$a OPAC (Rak LKKP TMIA 2021) =260 ##$$a Makassar :$b Politeknik ATI Makassar-Teknik Manufaktur Industri Agro,$c 2021 =082 ##$$a (R)2021 LKKP-TMIA 818 =084 ##$$a (R)2021 LKKP-TMIA 818 NUS l =650 #4$$a Laporan Praktek TMIA 2021 =500 ##$$a Laporan Praktek TMIA 2021 =008 220619################|##########|#|## =990 ##$$a 273/LKKP TMIA 2021